| 000 | 00784nam a22002417a 4500 | ||
|---|---|---|---|
| 005 | 20170124110030.0 | ||
| 010 | _aA-454269 | ||
| 020 |
_c00.00 _a0195063708 |
||
| 035 | _aA-454269 | ||
| 037 | _bCen Lib/Ret | ||
| 040 |
_aDPL _bEN |
||
| 082 |
_a575.103 _bKIN |
||
| 100 |
_aKing, Robert C. _921432 |
||
| 245 |
_aA dictionary of genetics / _cby Robert C. King [and] William D. Stansfield |
||
| 260 |
_aOxford _bOxford University Press _c1990 |
||
| 270 |
_a200 Madison Avenue _bNew York |
||
| 300 |
_a406p.: _c22cm(Hb) _bill. |
||
| 500 | _aIncludes bibliographical references | ||
| 650 |
_aGenetics -- Dictionaries _921433 |
||
| 650 |
_aGenetics -- Dictionary -- English _921434 |
||
| 700 |
_aStansfield, William D. _921435 |
||
| 942 |
_2ddc _cEN _h575.103 _mKIN |
||
| 999 |
_c127754 _d127754 |
||